| 000 | 01594nam a2200277Ia 4500 | ||
|---|---|---|---|
| 999 |
_c56391 _d56391 |
||
| 001 | 23504 | ||
| 003 | GE_BSU | ||
| 005 | 20260211174510.0 | ||
| 008 | 181216s2007||||ge |||||||||||||| ||geo|| | ||
| 020 | _a978-99940-59-72-0 | ||
| 040 | _cGE_BSU | ||
| 041 | _ageo | ||
| 080 | _a94(479.22) + 94(55:560) + 94(560:470)+341.382 ვ-26 | ||
| 100 |
_aვაჩნაძე, მერაბ _926884 |
||
| 245 |
_aამასიიდან ყარსამდე : _b საქ. ტერიტორიის გადანაწილება ირან-ოსმალეთ-რუსეთს შორის, 1955-1921 / _c მერაბ ვაჩნაძე, ვახტანგ გურული ; [რედ. დიმიტრი შველიძე]. |
||
| 264 |
_aთბილისი : _bარტანუჯი, _c2007. |
||
| 300 |
_a102 გვ. ; _c20 სმ. |
||
| 504 | _aბიბლიოგრაფია თავების ბოლოს | ||
| 541 | _h5 ლ. | ||
| 653 | _aამასიიდან ყარსამდე : საქ. ტერიტორიის გადანაწილება ირან-ოსმალეთ-რუსეთს შორის, 1955-1921 | ||
| 653 | _aამასიის ზავი; ყარსის ხელშეკრულება | ||
| 653 | _aისტორია | ||
| 700 |
_aშველიძე, დიმიტრი _eავტორი. რედაქტორი _926885 |
||
| 700 |
_aგურული, ვახტანგ _eავტორი _926886 |
||
| 942 |
_cBK _2udc |
||